Economic development of Great Britain, (Record no. 3865)
[ view plain ]
| 000 -LEADER | |
|---|---|
| fixed length control field | 00945cam a22002891 4500 |
| 001 - CONTROL NUMBER | |
| control field | 3865 |
| 003 - CONTROL NUMBER IDENTIFIER | |
| rucl marc code | BD-RjUL |
| 005 - DATE AND TIME OF LATEST TRANSACTION | |
| control field | 20211208233808.0 |
| 008 - FIXED-LENGTH DATA ELEMENTS--GENERAL INFORMATION | |
| fixed length control field | 131221s1964 ii b 000 0 eng |
| 035 ## - SYSTEM CONTROL NUMBER | |
| System control number | (BD-RjUL) |
| System control number | (OCoLC)36894906 |
| 040 ## - CATALOGING SOURCE | |
| Original cataloging agency | DLC |
| Transcribing agency | NSyU |
| Modifying agency | DLC |
| Language of cataloging | eng |
| 041 ## - LANGUAGE CODE | |
| Language code of text/sound track or separate title | eng |
| 082 ## - DEWEY DECIMAL CLASSIFICATION NUMBER | |
| Classification number | 330.942 |
| Author mark and year | CHE |
| 100 1# - MAIN ENTRY--PERSONAL NAME | |
| Personal name | Chakrabarti, Samiran Chandra, |
| Dates associated with a name | 1940- |
| 9 (RLIN) | 12336 |
| 245 10 - TITLE STATEMENT | |
| Title | Economic development of Great Britain, |
| Statement of responsibility, etc. | by Sudhindra Chandra Chakrabarti, Kunja Bihari Kundu [and] Madan Mohan Patra. |
| 250 ## - EDITION STATEMENT | |
| Edition statement | [2d ed. thoroughly rev.] |
| 260 ## - PUBLICATION, DISTRIBUTION, ETC. (IMPRINT) | |
| Place of publication, distribution, etc. | Calcutta, |
| Name of publisher, distributor, etc. | Nababharat Publishers |
| Date of publication, distribution, etc. | 1964 |
| 300 ## - PHYSICAL DESCRIPTION | |
| Pagination | xii, 163, [1] p. |
| Size | 23 cm. |
| 504 ## - BIBLIOGRAPHY, ETC. NOTE | |
| Bibliography, etc | Bibliography: p. [164] |
| 651 #0 - SUBJECT ADDED ENTRY--GEOGRAPHIC NAME | |
| Geographic name | Great Britain |
| General subdivision | Economic conditions. |
| 9 (RLIN) | 12337 |
| 700 1# - ADDED ENTRY--PERSONAL NAME | |
| Personal name | Patra, Madan Mohan, |
| Relator term | joint author. |
| Personal name | Kundu, Kunja Bihari, |
| Relator term | joint author. |
| 942 ## - ADDED ENTRY ELEMENTS (KOHA) | |
| Source of classification or shelving scheme | Dewey Decimal Classification |
| Koha item type | Books |
| Lost status | Source of classification or shelving scheme | Damaged status | Not for loan | Collection code | Permanent Location | Current Location | Shelving location | Date acquired | Source of acquisition | Cost, normal purchase price | Total Checkouts | Full call number | Date last seen | Copy number | Koha item type |
|---|---|---|---|---|---|---|---|---|---|---|---|---|---|---|---|
| Dewey Decimal Classification | Not For Loan | Non-fiction | Central Library, University of Rajshahi | Central Library, University of Rajshahi | Reading Room | 15/03/1967 | Karim International | 4.00 | 330.942 CHE 1964 | 21/12/2013 | C-1 | Books |